00578nam a22002057a 450000500170000001000110001702000100002803500110003803700160004904000120006508200160007710000150009324500750010826000380018327000480022130000200026950000190028965000250030865000390033320170124105926.0 a910122 c00.00 a910122 bCen Lib/Ret aDPLbEN a338.88bSEN aSen, S. C. aMultinational corporations in the developing countries /cby S. C. Sen aCalcuttabEastern Law Housec1978 a54, Ganesh Chunder AvenuebCalcuttae700013 a315p.c23cm(Hb) aIncludes index aDeveloping countries aInternational business enterprises